000 02251nam0a2200397 4500
001 RU\NLR\BIBL_A\022487098
005 20260408084259.0
035 _a(NLR Aleph) 022487098
090 _a13379963
_c13379963
100 _a20250312d1828 |||y0rusy50 ca
101 0 _afre
102 _aRU
140 _abf y |||||||| ya 1100
200 1 _aPrécis historique et chronologique des événemens militaires de la campagne contre les Turcs, jusqu'à la prise de Varna, en 1828
210 _aMoscou [Moskva]
_cde l'imprimerie d'Auguste Semen
_d1828
215 _a53, [1] с.
_d8° (20 см)
304 _aАвт.: A. Spada. Указ. на с. 4
307 _aТип. марка. Виньетки. Концовка
316 _aЭкз. РНБ (13.8.4.101): Зеленый кожан. пер. с золотым тиснением. Золотой обрез. Рукоп. пометы (подчеркивания). Припл. 1 кн.
_5NLR: 13.8.4.101
317 _aЭкз. РНБ (13.8.4.101): Экслибрис: Императорская Эрмитажная иностранная библіотека
_5NLR: 13.8.4.101
540 1 _aИсторико-хронологическое изложение военных событий похода против турок до взятия Варны в 1828 году
606 1 _aРусско-турецкая война
_jИсточники и источниковедение
_z1828 - 1829
_92266386
_3RU\NLR\AUTH\661358586
620 _dMoskva
686 3 _aТ3(2)472-683,01
686 3 _aЦ35(2)471.9,01
700 1 _4070
_7ba
_8rus
_aSpada
_bA. F.
_cисторик, цензор, библиотекарь
_fок.1779-1843
_gAnton Francevič
_9237420
_3RU\NLR\AUTH\770237476
702 1 _aSemen
_bA.
_f1783-1862
_gAuguste
_4610
712 0 2 _4390
_aЭрмитаж
_cПетербург
_bБиблиотека
_3RU\NLR\AUTH\8810185935
_9866833
852 _aNLR
_bRossica
_j13.8.4.101
942 _cBOOK
980 _aNB
980 _ain1719v